miasta w Polsce na literę L - Statystyki

Ogólne statystyki
  • Ten quiz został rozwiązany 38 razy
  • Średni wynik to 18 z 40
Statystyki odpowiedzi
województwo miasto % Poprawnych
lubelskie Lublin
97%
dolnośląskie Lubin
86%
mazowieckie Legionowo
73%
śląskie Lubliniec
73%
dolnośląskie Legnica
70%
małopolskie Limanowa
70%
lubelskie Lubartów
70%
pomorskie Lębork
65%
wielkopolskie Leszno
65%
warmińsko-mazurskie Lidzbark
62%
dolnośląskie Lubań
62%
warmińsko-mazurskie Lidzbark Warmiński
59%
podkarpackie Lesko
57%
podkarpackie Leżajsk
57%
wielkopolskie Luboń
57%
podkarpackie Lubaczów
54%
kujawsko-pomorskie Lipno
51%
śląskie Lędziny
46%
podlaskie Lipsk
46%
wielkopolskie Lwówek
41%
dolnośląskie Lądek-Zdrój
38%
warmińsko-mazurskie Lubawa
38%
dolnośląskie Lwówek Śląski
38%
mazowieckie Lipsko
35%
małopolskie Libiąż
32%
lubuskie Lubsko
32%
łódzkie Lututów
32%
dolnośląskie Leśna
30%
opolskie Leśnica
30%
opolskie Lewin Brzeski
30%
dolnośląskie Lubawka
30%
dolnośląskie Lubomierz
27%
łódzkie Lutomiersk
27%
lubelskie Lubycza Królewska
24%
zachodniopomorskie Lipiany
22%
lubuskie Lubniewice
22%
kujawsko-pomorskie Lubraniec
22%
mazowieckie Latowicz
19%
kujawsko-pomorskie Lubień Kujawski
19%
mazowieckie Lubowidz
19%
Nie znaleziono quizów pasujących do podanych kryteriów
Rozkład punktacji
Procent ludzi z każdym wynikiem
Percentyl według liczby udzielonych odpowiedzi
Twoja historia wyników
Nie rozwiązałeś tego quizu